000 01535nam0a22003851 4500
001 rc\2223184
005 20211220123415.0
035 _a(NLR Aleph) 006529866
090 _a6521700
_c6521700
100 _a20110826d1979 |||y0rusy50 ca
101 0 _arus
102 _aRU
105 _aa z |||||
200 1 _aСпортивная медицина и лечебная физическая культура
_f[А.Г. Дембо, С.Н. Попов, Ю.М. Шапкайц и др.]
_gПод общ. ред. А.Г. Дембо
205 _a2-е изд., доп. и перераб.
210 _aМосква
_cФизкультура и спорт
_d1979
215 _a352 с.
_cил.
_d22
225 1 _aУчебник для средних учебных заведений физической культуры
300 _aАвт. указаны в огл.
606 _aФизическая культура, лечебная
_jУчебники и пособия
_2psbo
606 _aСпортивная медицина
_jУчебники и пособия
_2psbo
686 _aР354.11я723-1
686 _aЧ510.9я723-1
686 _a75.0
701 1 _aПопов
_bС. Н.
701 1 _aШапкайц
_bЮ. М.
702 1 _aДембо
_bА. Г.
_f1908-1995
_gАлександр Григорьевич
_4340
801 0 _aRU
_bNLR
_gpsbo
801 1 _aRU
_bELAR
_2rusmarc
852 _aNLR
_j79-5/2919
899 _aRuMoRGB
_jB 79-32/63
899 _aRuMoRGB
_jB 79-32/64
942 _cBOOK
980 _aNB